| 000 | 00745nam a2200217 a 4500 | ||
|---|---|---|---|
| 001 | 000026752 | ||
| 003 | OSt | ||
| 005 | 20240530073919.0 | ||
| 008 | 110325s1940 dr 000 0 spa d | ||
| 040 |
_aDO-SdBNP _bspa _cBNPHU |
||
| 082 |
_aRD863.44 _bA516v |
||
| 100 | 1 |
_aAmiama, Manuel A. _d1899-1991 _98438 |
|
| 245 | 1 | 3 |
_aEl viaje : _bensayo de novela de la vida capitalina / _cManuel A. Amiama. |
| 260 |
_aCiudad Trujillo, República Dominicana : _bLa Opinión, _c1940. |
||
| 300 |
_a243 p. ; _c21 cm. |
||
| 650 | 0 |
_aNovela dominicana _9223 |
|
| 650 | 0 |
_aLiteratura dominicana. _967 |
|
| 651 |
_aSanto Domingo : República Dominicana _xVida Social Y Costumbres _vNovela _946369 |
||
| 910 | _aValidado. Control de calidad MAA | ||
| 942 |
_2ddc _cLF1 |
||
| 999 |
_c26244 _d26244 |
||